| Registos Bibliográficos associados ao registo de autoridade |
|
Etiqueta de registo: 00254nkm 2200109 450 001 2179832 003 http://id.bnportugal.gov.pt/bib/catbnp/2179832 100 ## $a20240826d1994 am y0pory01030103ba 101 0# $apor 102 ## $aPT 200 1# $aMontemor-o-Velho, super espectáculo de baile e passagem de modelos, Pavilhão dos Bombeiros
Voluntários, 30 de julho de 1994$bVisual gráfico]$fPrograma Vozes de Portugal, B. V. de Montemor-o-Velho 210 #9 $aMontemor-o-Velho$cPrograma Vozes de Portugal;$cBombeiros Voluntários de Montemor-o-Velho$d1994$eSoure :$gMarques & Ramos, Lda) 215 ## $a1 cartaz$ccolor.$d70x50 cm 675 ## $a793.3(469.322)"1994"(084.5)$vBN$zpor$31815941 675 ## $a687.1/.3(469.322)"1994"(084.5)$vBN$zpor$31926012 675 ## $a766(=1:469)"199"(084.5)$vBN$zpor$3589138 710 01 $aVozes de Portugal,$eMontemor-o-Novo$31980215 711 02 $aBombeiros Voluntários de Montemor -o-Velho$31926014 801 #0 $aPT$bBN$gRPC 966 ## $lBN$mICONOG$sCT. 6831 R.$x1 971 ## $cmferro$d20240826
Etiqueta de registo: 00000nkm 2200025 450 001 2252108 003 http://id.bnportugal.gov.pt/bib/catbnp/2252108 100 ## $a20260121d1994 m y0pory01030103ba 101 0# $apor 102 ## $aPT 200 1# $aGrande acontecimento, o programa Vozes de Portugal e os bombeiros v. de Miranda do
Corvo apresentam super espetáculo de baile, variedades e passagem de modelos, Mirando
do Corvo, 28 de maio de 1994$bVisual gráfico]$fBombeiros Voluntários de Mirando do Corvo 210 #9 $aMiranda do Corvo$cBombeiros Voluntários de Mirando do Corvo$d1994$eSertã :$gGráfica Santo Amaro) 215 ## $a1 cartaz$ccolor.$d60,3x41,1 cm 675 ## $a766(=1:469)"199"(084.5)$vBN$zpor$3589138 710 02 $aBombeiros Voluntários de Mirando do Corvo$31980421 712 01 $aVozes de Portugal,$eMontemor-o-Novo$31980215 801 #0 $aPT$bBN$gRPC 966 ## $lBN$mICONOG$sCT. 16729 A.$x1 971 ## $cCaticonografia3$d20260121 995 ## $aPRR2026 $d20260121$iCaticonografia3
Etiqueta de registo: 00000nkm 2200025 450 001 2251644 003 http://id.bnportugal.gov.pt/bib/catbnp/2251644 100 ## $a20260120d1994 m y0pory01030103ba 101 0# $apor 102 ## $aPT 200 1# $aSuper espectáculo de baile e passagem de modelos, Sertã, 30 de abril de 1994 $bVisual gráfico]$fVozes de Portugal 210 #9 $aSertã$cVozes de Portugal,$d1994$eSertã:$gGráfica Santo Amaro) 215 ## $a1 cartaz$ccolor.$d60,9x41,4 cm 675 ## $a766(=1:469)"199"(084.5)$vBN$zpor$3589138 710 01 $aVozes de Portugal,$eMontemor-o-Novo$31980215 711 01 $aRestaurante Pontevelha,$eSertã$31975677 801 #0 $aPT$bBN$gRPC 966 ## $lBN$mICONOG$sCT. 16777 A.$x1 971 ## $cCaticonografia9$d20260120 995 ## $aPRR2026 $d20260120$iCaticonografia9
Etiqueta de registo: 00000nkm 2200025 450 001 2251641 003 http://id.bnportugal.gov.pt/bib/catbnp/2251641 100 ## $a20260120d1994 m y0pory01030103ba 101 0# $apor 102 ## $aPT 200 1# $aSuper espectáculo de baile e passagem de modelos, Cernache do Bonjardim (Sertã), 16
de abril de 1994 $bVisual gráfico]$fVozes de Portugal 210 #9 $aCernache do Bonjardim (Sertã)$cVozes de Portugal,$d1994$eSertã:$gGráfica Santo Amaro) 215 ## $a1 cartaz$ccolor.$d61x42,1 cm 675 ## $a766(=1:469)"199"(084.5)$vBN$zpor$3589138 710 01 $aVozes de Portugal,$eMontemor-o-Novo$31980215 711 02 $aBombeiros Voluntários de Cernache do Bonjardim$31214822 801 #0 $aPT$bBN$gRPC 966 ## $lBN$mICONOG$sCT. 16776 A.$x1 971 ## $cCaticonografia9$d20260120 995 ## $aPRR2026 $d20260120$iCaticonografia9
Etiqueta de registo: 00000nkm 2200025 450 001 2251626 003 http://id.bnportugal.gov.pt/bib/catbnp/2251626 100 ## $a20260120d1994 m y0pory01030103ba 101 0# $apor 102 ## $aPT 200 1# $aSuper espectáculo de baile, variedades e passagem de modelos, Oleiros, 26 de março
de 1994 $bVisual gráfico]$fVozes de Portugal 210 #9 $aOleiros$cVozes de Portugal,$d1994$eSertã:$gGráfica Santo Amaro) 215 ## $a1 cartaz$ccolor.$d60x41,9 cm 675 ## $a766(=1:469)"199"(084.5)$vBN$zpor$3589138 710 01 $aVozes de Portugal,$eMontemor-o-Novo$31980215 711 01 $aBombeiros Voluntários de Oleiros$31980216 801 #0 $aPT$bBN$gRPC 966 ## $lBN$mICONOG$sCT. 16774 A.$x1 971 ## $cCaticonografia9$d20260120 995 ## $aPRR2026 $d20260120$iCaticonografia9
Etiqueta de registo: 00000nkm 2200025 450 001 2251552 003 http://id.bnportugal.gov.pt/bib/catbnp/2251552 100 ## $a20260120d1994 m y0pory01030103ba 101 0# $apor 102 ## $aPT 200 1# $aO programa Vozes de Portugal e a Associação dos Bombeiros Voluntários de Góis apresentam
super espetáculo de baile e passagem de modelos, no salão dos bombeiros, 14 de fevereiro/1994$bVisual gráfico]$fAssociação dos Bombeiros Voluntários de Góis 210 #9 $aGóis$cAssociação dos Bombeiros Voluntários de Góis,$d1994$eArganil :$g«A Comarca») 215 ## $a1 cartaz$ccolor.$d60,8x42,9 cm 675 ## $a766(=1:469)"199"(084.5)$vBN$zpor$3589138 710 02 $aAssociação dos Bombeiros Voluntários de Góis$31980179 712 01 $aVozes de Portugal,$eMontemor-o-Novo$31980215 801 #0 $aPT$bBN$gRPC 966 ## $lBN$mICONOG$sCT. 16715 A.$x1 971 ## $cCaticonografia3$d20260120 995 ## $aPRR2026 $d20260120$iCaticonografia3
Etiqueta de registo: 00000nkm 2200025 450 001 2253258 003 http://id.bnportugal.gov.pt/bib/catbnp/2253258 100 ## $a20260126d1992 m y0pory01030103ba 101 0# $apor 102 ## $aPT 200 1# $aApuramento das 16 finalistas e 1ª pontuação oficial, Miss Ribatejo 92, Pavilhão da
Casa do Povo, Alcanena, 17 outubro 1992$bVisual gráfico]$fPrograma "Vozes de Portugal", Atlético Clube Alcananense 210 #9 $aAlcanena$cPrograma "Vozes de Portugal" $cAtlético Clube Alcananense,$d1992$eVila Moreira :$gGráfica Vilamor, Lda.) 215 ## $a1 cartaz$ccolor.$d60,4x41,2 cm 675 ## $a766(=1:469)"199"(084.5)$vBN$zpor$3589138 710 02 $aVozes de Portugal,$eMontemor-o-Novo$31980215 711 02 $aAtlético Clube Alcanenense$3199624 712 12 $aMiss Ribatejo,$f1992$4557$31980899 801 #0 $aPT$bBN$gRPC 966 ## $lBN$mICONOG$sCT. 17292 A.$x1 971 ## $cCaticonografia5$d20260123 972 ## $d20260520$e2$vtoliveira$z0 995 ## $aPRR2026 $d20260123$iCaticonografia5
Etiqueta de registo: 00000nkm 2200025 450 001 2253243 003 http://id.bnportugal.gov.pt/bib/catbnp/2253243 100 ## $a20260123d1992 m y0pory01030103ba 101 0# $apor 102 ## $aPT 200 1# $aMiss Ribatejo 92, no Pavilhão dos Bombeiros Voluntários, Ourém, 24 outubro 92$bVisual gráfico]$fPrograma "Vozes de Portugal", Associação Humanitária dos Bombeiros Voluntários 210 #9 $aOurém$cPrograma "Vozes de Portugal"$cAssociação Humanitária dos Bombeiros Voluntários,$d1992$eVila Moreira :$gGráfica Vilamor, Lda.) 215 ## $a1 cartaz$ccolor.$d60,5x41,6 cm 675 ## $a766(=1:469)"199"(084.5)$vBN$zpor$3589138 710 01 $aVozes de Portugal,$eMontemor-o-Novo$31980215 711 02 $aAssociação Humanitária dos Bombeiros Voluntários de Ourém$31980904 712 12 $aMiss Ribatejo,$f1992$4557$31980899 801 #0 $aPT$bBN$gRPC 966 ## $lBN$mICONOG$sCT. 17291 A.$x1 971 ## $cCaticonografia5$d20260123 972 ## $d20260520$e2$vtoliveira$z0 995 ## $aPRR2026 $d20260123$iCaticonografia5
Etiqueta de registo: 00000nkm 2200025 450 001 2253234 003 http://id.bnportugal.gov.pt/bib/catbnp/2253234 100 ## $a20260123d1992 m y0pory01030103ba 101 0# $apor 102 ## $aPT 200 1# $aGrande finalíssima, Miss Ribatejo 92, no Pavilhão de Rio Maior, sábado 31 outubro
92$bVisual gráfico]$fPrograma "Vozes de Portugal", U. D. Rio Maior 210 #9 $aRio Maior$cPrograma "Vozes de Portugal"$cU. D. Rio Maior,$d1992$eVila Moreira :$gGráfica Vilamor, Lda.) 215 ## $a1 cartaz$ccolor.$d60,8x42,8 cm 675 ## $a766(=1:469)"199"(084.5)$vBN$zpor$3589138 710 01 $aVozes de Portugal,$eMontemor-o-Novo$31980215 711 02 $aUnião Desportiva de Rio Maior$31998825 712 12 $aMiss Ribatejo,$f1992$4557$31980899 801 #0 $aPT$bBN$gRPC 966 ## $lBN$mICONOG$sCT. 17290 A.$x1 971 ## $cCaticonografia5$d20260123 972 ## $d20260520$e2$vtoliveira$z0 995 ## $aPRR2026 $d20260123$iCaticonografia5
|
|
|